Human rights in India / (Record no. 81362)

MARC details
000 -LEADER
fixed length control field 00560nam a22001937a 4500
005 - DATE AND TIME OF LATEST TRANSACTION
control field 20140102110726.0
010 ## - LCCN (DPL NO)
LC control number ENG-108931
020 ## - INTERNATIONAL STANDARD BOOK NUMBER
International Standard Book Number 9788186208106
Terms of availability 895.00
035 ## - SYSTEM CONTROL NUMBER
System control number EN-92464
037 ## - SOURCE OF ACQUISITION
Source of stock number/acquisition DBAD/PUB
082 ## - DEWEY DECIMAL CLASSIFICATION NUMBER
Classification number 323.0954
245 ## - TITLE STATEMENT
Title Human rights in India /
Statement of responsibility, etc edited by Aftab Alam
260 ## - PUBLICATION, DISTRIBUTION, ETC. (IMPRINT)
Place of publication, distribution, etc New Delhi
Name of publisher, distributor, etc Raj Publications
Date of publication, distribution, etc 2012
270 ## - ADDRESS
Address 108, 4855/24, Ansari Road, Daryaganj
City New Delhi
Postal code 110002
300 ## - PHYSICAL DESCRIPTION
Extent 400p.
Dimensions 22cm(Hb)
500 ## - GENERAL NOTE
General note Includes index
700 ## - ADDED ENTRY--PERSONAL NAME
Personal name Aftab Alam
942 ## - ADDED ENTRY ELEMENTS (KOHA)
Source of classification or shelving scheme Dewey Decimal Classification
Item type English Books
Call number suffix HUM
Classification part 323.0954
Holdings
Withdrawn status Lost status Not for loan Collection code Home library Current library Date acquired Source of acquisition Cost, normal purchase price Full call number Barcode Copy number Cost, replacement price Koha item type
    Not For Loan Non-fiction D.B.Act.Division D.B.Act.Division 20/12/2013 DBAD/PUB 895.00 323.0954 HUM EN-92464 1 895.00 English Books

© Delhi Public Library
Hit Counter
free hit counter